Love In Paradise 1 - EPIC: The Musical - Statistiques

Statistiques générales
  • Ce quiz a été pris 85 fois
  • Le résultat moyen est 243 sur 294
Statistiques - réponses
Hint Réponse % Correct
a
100%
I
100%
you
100%
be
98%
her
98%
and
96%
go?
96%
go,
96%
Odysseus!
96%
Athena Odysseus,
96%
where
96%
your
96%
been
94%
close
94%
closer
94%
die
94%
for
94%
friend
94%
here
94%
in
94%
me!
94%
me,
94%
my
94%
see
94%
when
94%
did
92%
Did
92%
friends
92%
is
92%
Aeolus Keep
92%
love
92%
no,
92%
no
92%
No
92%
Penelope?
92%
the
92%
Soldiers We
92%
we
92%
all
90%
All
90%
have
90%
Calypso | Odysseus I'm
90%
mercy
90%
need
90%
on
90%
our
90%
paradise
90%
Odysseus She's
90%
up
90%
wife
90%
Eurylochus But
88%
Eurylochus Captain?
88%
enemies
88%
know
88%
man
88%
sleep?
88%
talk
88%
to
88%
want
88%
last
87%
Poseidon Ruthlessness
87%
Tell
87%
upon
87%
who's
87%
am
85%
Calypso Anyways,
85%
can
85%
I've
85%
of
85%
Calypso | Ensemble Oh
85%
we'll
85%
could
83%
got
83%
Just
83%
not
83%
not,
83%
Not
83%
Circe One
83%
one
83%
while
83%
you're
83%
Calypso You're
83%
you've
83%
done
81%
It's
81%
life
81%
what
81%
Calypso Morning
79%
Athena Old
79%
ourselves
79%
years
79%
dear,
77%
infamous
77%
married
77%
suffering
77%
take
77%
ten
77%
time
77%
time,
77%
dead
75%
fear
75%
from
75%
From
75%
kill
75%
move
75%
Odysseus Remember
75%
resting
75%
romance
75%
saw
75%
won't
75%
wrong
75%
Calypso,
73%
Scylla Drown
73%
Odysseus Goddess?
73%
Athena Let's
73%
mine,
73%
mine
73%
pet,
73%
though,
73%
were
73%
we're
73%
can't
71%
more
71%
past
71%
since
71%
sleepyhead
71%
stand
71%
island
69%
isle
69%
try
69%
checked,
67%
don't
67%
goddesses
67%
may
67%
Tiresias Song
67%
that
67%
fears
65%
Soon,
65%
washed
65%
adorable
63%
bed
63%
come
63%
end
63%
handsome,
62%
spend
62%
there
62%
Anything
60%
'til
60%
immortal
58%
into
58%
pain
58%
sorrows
58%
Now
56%
now
56%
belong
54%
'Cause
54%
climb
54%
entertain
54%
bring
52%
Bow
50%
something
50%
stays
50%
swore
50%
There's
50%
we've
50%
stuck
48%
down
46%
Odysseus Hell
46%
unknown
46%
way
46%
Under
44%
spell,
40%
nor
38%
drawn
29%
out
29%
woah
17%
Aucun quiz correspondant
Distribution des résultats
% des personnes avec chaque résultat
Percentile par nombre de réponses
Votre historique - résultats
Vous n’avez pas pris ce quiz